000 00287nam a22001337a 4500
008 180312b xxu||||| |||| 00| 0 eng d
020 _a9781464133015
041 _aeng
080 _a51
100 _a36
101 _amat
245 _acalculus 113 114 213
_cjon.r
942 _2udc
_cBK
999 _c44669
_d44669